Представление документа в формате RUSMARC

ПолеНазваниеЗначение
  Тип записи a
  Библиографический уровень m
001 Контрольный номер RU/SLIB/B/208709330
005 Дата корректировки 20241024163248.4
010 Индекс ISBN __
d Цена 1-40; 20-00
101 Язык документа 0_
a Язык текста rus
c Язык оригинала rus
200 Заглавие и сведения об ответственности 1_
a Заглавие Избранные педагогические сочинения
e Сведения, относящиеся к заглавию в 2 т.
f Первые сведения об ответственности И. Г. Песталоцци ; под ред.: В. А. Ротенберг, В. М. Кларина
b Общее обозначение материала Текст
h Номер части Т. 1
210 Выходные данные 1_
a Место издания М.
c Издательство Педагогика
d Дата издания 1981
215 Физическое описание __
a Объем 334 с.
225 Серия 2_
a Серия Педагогическая библиотека
320 Библиография __
a Библиография Указ. имен: с. 332-333
606 Тематические рубрики __
a Основная рубрика Образование. Педагогика
a Основная рубрика Общеобразовательная школа
610 Ключевые слова 0_
a Ключевые слова воспитание детей; дети; дидактика; школы; методика воспитания; нравственное воспитание; школоведение; школьники; трудовое воспитание; умственное воспитание; методы обучения; педагоги
686 Индексы других классификаций __
2 Код системы rubbks
a Классификационный индекс 74.2; В74.2
700 Автор _1
a Фамилия Песталоцци
b Имя И. Г.
g Полное личное имя Иоганн Генрих
4 Код отношения 070
702 Вторичная интеллектуальная ответственность _1
a Фамилия Ротенберг
b Имя В. А.
4 Код отношения Редактор
702 Вторичная интеллектуальная ответственность _1
a Фамилия Кларина
b Имя В. М.
4 Код отношения Редактор
801 Источник записи _0
a Страна RU
b Организация Муниципальное бюджетное учреждение культуры "Централизованная библиотечная система" г. Сургут (Центральная городская библиотека им. А. С. Пушкина)
g Правила каталогизации ОБ/Бутенко
801 Источник записи _1
a Страна RU
b Организация Муниципальное бюджетное учреждение культуры "Централизованная библиотечная система" г. Сургут (Центральная городская библиотека им. А. С. Пушкина)
g Правила каталогизации ОБ/Бутенко
852 Данные о местонахождении __
j Шифр хранения 74.2
c Каталожный индекс 74.2
i Авторский знак П 28
p Инвентарный номер 9375; 76243
901 Тип документа __
t Тип документа m
903 Характеристики (МАРС) __
a Дата передачи 20000621
990 Данные о заказе (DOS) 00
j Количество экземпляров (DOS) 1; 3
t N записи в КСУ для И/У (DOS) 200001; 199101